| 000 | 01256nam a2200337 i 4500 | ||
|---|---|---|---|
| 001 | 20138 | ||
| 003 | ES-MaACL | ||
| 005 | 20250825062717.0 | ||
| 007 | t| | ||
| 008 | 021107s1972 sp f |||| |bspa d | ||
| 017 |
_aB 37149-1972 _bOficina Depósito Legal Barcelona |
||
| 040 | _cES-MaACL | ||
| 080 | _a929 Azaña, Manuel | ||
| 080 | _a94(460)"1931/39" | ||
| 100 | 1 |
_aAguado, Emiliano, _d1907-1979 _eaut _918604 |
|
| 245 | 1 | 0 |
_aDon Manuel Azaña Díaz / _cEmiliano Aguado |
| 250 | _aPrimera edición: septiembre 1972 | ||
| 260 |
_aBarcelona : _bNauta, _c1972 |
||
| 300 |
_a399 páginas, [92] páginas de láminas (blanco y negro) ; _c23 x 22 cm. |
||
| 490 | 1 |
_aLos libros de la veleta. Documentos ; _v5 |
|
| 500 | _aÍndice onomástico | ||
| 600 | 1 | 4 |
_aAzaña, Manuel, _d1880-1940 _924223 |
| 651 | 4 |
_aEspaña- _xHistoria- _y1931-1939, II República. _98283 |
|
| 655 | 0 |
_aBiografías _9176647 |
|
| 830 | 4 |
_aLos libros de la veleta _v5 _9192741 |
|
| 852 |
_aES-MaACL _jC-47226 _cDEPO2 _920799 _xEncuadernación: cartoné |
||
| 852 | 4 |
_aES-MaACL _jN-8234 _cDEPOJ _zX-21 _zDuplicado _920798 _hDonación: Editorial _xEncuadernación: cartoné |
|
| 942 |
_cMONOGRAFIA _n0 |
||
| 999 |
_c20138 _d20138 |
||